| 000 | 00925cam a22002891 4500 | ||
|---|---|---|---|
| 001 | 2494 | ||
| 003 | FISKH | ||
| 005 | 20231212153748.0 | ||
| 008 | 730213s1961 nyua j 000 1 eng | ||
| 010 | _a 61013202 | ||
| 020 | _a0590409174 | ||
| 040 |
_aDLC _cDLC _dDLC _beng |
||
| 050 | 0 | 0 |
_aPZ7.J98 _bPh |
| 082 | 0 | 0 | _aFic |
| 100 | 1 |
_aJuster, Norton, _d1929- |
|
| 245 | 1 | 4 |
_aThe phantom tollbooth / _cNorton Juster ; Illustrated by Jules Feiffer. |
| 260 |
_aNew York : _bScholastic, _c1961 |
||
| 300 |
_a256 pages : _billustrations ; _c20 cm |
||
| 520 | _aA journey through a land where Milo learns the importance of words and numbers provides a cure for his boredom. | ||
| 521 | 8 |
_a1000
_bLexile |
|
| 650 | 1 | _aFantasy. | |
| 650 | 1 | _2Children's fiction | |
| 650 | 1 | _2Children's literature | |
| 700 | 1 |
_aFeiffer, Jules. _eillustrator |
|
| 906 |
_a7 _bcbc _corignew _du _eocip _f19 _gy-gencatlg |
||
| 942 |
_2ddc _cBK _n0 |
||
| 999 |
_c2494 _d2494 |
||